|
|
|
|
| LEADER |
00000nam a2200000 4500 |
| 001 |
vtls011739627 |
| 003 |
SK-MaSNL |
| 005 |
20260301095109.0 |
| 008 |
180131s2017 xr a e 6 000 c cze |
| 015 |
|
|
|a SNBZSA2018/03
|
| 020 |
|
|
|a 9788074495052
|q (brožované)
|
| 040 |
|
|
|a SNK
|b slo
|c SNK
|e rda
|
| 041 |
1 |
|
|a cze
|h eng
|
| 044 |
|
|
|a xr
|c CZ
|
| 072 |
|
7 |
|a 821.111(73)
|x Americká literatúra
|2 konspekt
|
| 080 |
|
|
|a 821.111(73)-32
|2 2011
|
| 080 |
|
|
|a (084.1)
|2 2011
|
| 100 |
1 |
|
|a Bendis, Brian Michael,
|d 1967-
|4 aut
|4 std
|9 169170
|
| 245 |
1 |
0 |
|a Strážci galaxie
|p Angela
|c scénář: Brian Michael Bendis ; kresba: Sara Pichelliová, Francesco Francavilla, Kevin Maguire ; překlad: Ľudovít Plata
|
| 246 |
3 |
0 |
|a Angela
|
| 250 |
|
|
|a První vydání
|
| 264 |
|
1 |
|a [Praha]
|b Crew s.r.o.
|c 2017
|
| 300 |
|
|
|a 166 nečíslovaných strán
|b farebné ilustrácie
|c 26 cm
|
| 336 |
|
|
|a text
|b txt
|2 rdacontent
|
| 337 |
|
|
|a bez média
|b n
|2 rdamedia
|
| 338 |
|
|
|a zväzok
|b nc
|2 rdacarrier
|
| 490 |
1 |
|
|a [Světové komiksy česky]
|
| 500 |
|
|
|a Preložené z angličtiny
|
| 500 |
|
|
|a Na chrbáte obalu označenie 2
|
| 500 |
|
|
|a Názov edície zistený mimo popisovanej prezentácie
|
| 655 |
|
7 |
|a americké príbehy
|2 SNKPH
|9 70732
|
| 655 |
|
7 |
|a komiksy
|2 SNKPH
|9 70703
|
| 655 |
|
7 |
|a American stories
|2 SNKPHeng
|9 303195
|
| 655 |
|
7 |
|a Comics
|2 SNKPHeng
|9 284578
|
| 700 |
1 |
|
|a Pichelli, Sara,
|d 1983-
|4 ill
|9 249707
|
| 700 |
1 |
|
|a Francavilla, Francesco
|4 ill
|4 bjd
|9 429907
|
| 700 |
1 |
|
|a Maguire, Kevin,
|d 1960-
|4 ill
|9 429908
|
| 700 |
1 |
|
|a Plata, Ľudovít,
|d 1978-
|4 trl
|9 330821
|
| 830 |
|
0 |
|a [Světové komiksy česky]
|9 350979
|
| 919 |
|
|
|a 978-80-7449-505-2
|
| 958 |
|
|
|a ZS
|
| 999 |
|
|
|c 682178
|d 684108
|
| 952 |
|
|
|a SNK
|b SNK
|y PREZ
|7 0
|p 17A1319699
|o snkOSB 19077/2
|i snk2018/2928
|8 4
|g 12.14
|0 0
|1 0
|4 0
|d 2018-01-31
|l 0
|r 2026-02-23 20:01:01
|w 2026-02-23
|